000 00422caa a22001692a 4500
001 001280
003 AR-FADEU
008 311216n############xxu####################dd
092 _aPP(320.1)NUE
245 _bGuerra. Violencia. Guerrillas
245 _aNueva Sociedad
300 _a6-180
440 _n89
260 _cmay. jun. 1987
650 _aVIOLENCIA-AMERICA LATINA; GUERRILLA-AMERICA LATINA
942 _cPPGR
999 _c4058
_d4058